000 00420nam a2200157 4500
001 112390
003 ES-MaACL
005 20230906185524.0
007 t|
008 061121s1981 sp r ||||1| spa d
100 1 _aMuñoz González, Luis.
_984430
245 1 4 _aLas costas /
_cLuis Muñoz González.
260 _aMadrid :
_bMontecorvo,
_c1981.
300 _a274 p. ;
_c24 cm.
852 _aES-MaACL
_jL-2972
_bR.103389
999 _c112390
_d112390